LEADER 01114nam0 22003011i 450 001 SUN0024609 005 20180724094048.338 010 $a88-435-2016-4 100 $a20040923d1996 |0itac50 ba 101 $aita 102 $aIT 105 $a|||| ||||| 200 1 $aVenezia gotica$el'architettura civile$fEdoardo Arslan 205 $a2. ed 210 $aMilano$cElecta$d1996 215 $a310 p.$cill.$d24 cm. 606 $aArchitettura gotica$xVenezia$2FI$3SUNC011331 620 $dMilano$3SUNL000284 676 $a720.945311$v21 700 1$aArslan$b, Edoardo$3SUNV020645$035992 712 $aElecta$3SUNV008644$4650 790 1$aArslan, Wart$zArslan, Edoardo$3SUNV020646 801 $aIT$bSOL$c20181109$gRICA 912 $aSUN0024609 950 $aBIBLIOTECA DEL DIPARTIMENTO DI ARCHITETTURA E DISEGNO INDUSTRIALE$d01 PREST IBb183(42) $e01 3185 995 $aBIBLIOTECA DEL DIPARTIMENTO DI ARCHITETTURA E DISEGNO INDUSTRIALE$bIT-CE0107$h3185$kPREST IBb183(42)$op$qa 996 $aVenezia gotica$9294958 997 $aUNICAMPANIA LEADER 01359nam a2200397 i 4500 001 991000971669707536 005 20020507180837.0 008 960708m1996 ne fb 001 0 eng d 020 $a0444822127 (v.1) 020 $a9780444531018 (v. 5) 035 $ab10783088-39ule_inst 035 $aLE01305083$9ExL 040 $aDip.to Matematica$beng 082 0 $a512 084 $aAMS 15-00 084 $aAMS 11R 084 $aAMS 13-00 084 $aAMS 16-00 084 $aAMS 17-00 084 $aAMS 18-00 084 $aAMS 20-00 100 1 $aHazewinkel, Michiel$013005 245 10$aHandbook of algebra /$cedited by M. Hazewinkel 260 $aAmsterdam :$bElsevier,$c1996- 300 $av. ;$c24 cm 500 $aIncludes bibliographical references and index 650 0$aAlgebraic number theory 650 0$aLinear algebra$xTextbooks 650 0$aMultilinear algebra$xTextbooks 907 $a.b10783088$b16-12-10$c28-06-02 912 $a991000971669707536 945 $aLE013 15-XX HAZ11 V.I (1996)$g1$i2013000058962$lle013$o-$pE0.00$q-$rl$s- $t0$u1$v0$w1$x0$y.i1088287x$z28-06-02 945 $aLE013 15-XX HAZ11 V.V (2008)$g1$i2013000213439$lle013$op$pE158.73$q-$rl$s- $t0$u0$v0$w0$x0$y.i15211204$z16-12-10 996 $aHandbook of algebra$9922055 997 $aUNISALENTO 998 $ale013$b01-01-96$cm$da $e-$feng$gne $h0$i1 LEADER 01957oam 2200529 450 001 9910716750903321 005 20211230083119.0 035 $a(CKB)5470000002524667 035 $a(OCoLC)1264168990 035 $a(EXLCZ)995470000002524667 100 $a20210817j202105 ua 0 101 0 $aeng 135 $aur||||||||||| 181 $ctxt$2rdacontent 182 $cc$2rdamedia 183 $acr$2rdacarrier 200 10$aBlueprint for integrating grid-interactive efficient building (GEB) technologies into U.S. General Services Administration performance contracts /$fJesse Dean [and four others] 210 1$aGolden, CO :$cNational Renewable Energy Laboratory,$dMay 2021. 215 $a1 online resource (ix, 57 pages) $ccolor illustrations, color maps 225 1 $aNREL/TP ;$v7A40-78190 300 $a"May 2021." 320 $aIncludes bibliographical references (pages 56-57). 517 $aBlueprint for integrating grid-interactive efficient building 606 $aContracts$zUnited States 606 $aPublic buildings$zUnited States 606 $aArchitecture and energy conservation$zUnited States 606 $aArchitecture and energy conservation$2fast 606 $aContracts$2fast 606 $aPublic buildings$2fast 607 $aUnited States$2fast 615 0$aContracts 615 0$aPublic buildings 615 0$aArchitecture and energy conservation 615 7$aArchitecture and energy conservation. 615 7$aContracts. 615 7$aPublic buildings. 700 $aDean$b Jesse$01397731 712 02$aNational Renewable Energy Laboratory (U.S.), 801 0$bGPO 801 1$bGPO 801 2$bOCLCO 801 2$bOCLCF 801 2$bGPO 906 $aBOOK 912 $a9910716750903321 996 $aBlueprint for integrating grid-interactive efficient building (GEB) technologies into U.S. General Services Administration performance contracts$93493616 997 $aUNINA